Statistieken voor Europese Geografie Meerkeuze

Klik hier om de quiz te nemen!

Algemene statistieken

  • Deze quiz is 1.177 keer genomen
    (951 sinds de laatste reset)
  • De gemiddelde score is 25 van 34

Antwoordstatistieken

VraagAntwoord% Correct
De vlag van welk land geeft een kaart van het land weer?Cyprus
92%
Naast Vaticaanstad is er nog 1 land helemaal ingesloten door Italië, welk land?San Marino
92%
Wat is de hoofdstad van Letland?Riga
91%
Een adelaar met 2 hoofden is te zien op de vlag van:Albanië
89%
Wat is de hoofdstad van Bulgarije?Sofia
89%
Welke rivier stroomt door Parijs?De Seine
87%
Brazilië was gekoloniseerd door welk Europees land?Portugal
87%
Welk land is onderdeel van de EU maar hoort bij Azië?Cyprus
86%
Vlad Dracula kwam uit welk land?Roemenië
86%
Welke rivier stroomt door Boedapest?De Donau
83%
Welk Brits gebied grenst aan Spanje?Gibraltar
83%
Welke van deze landen is door 2 landen ingesloten?Liechtenstein
83%
Welke Nederlandse stad heeft de grootste haven van Europa?Rotterdam
82%
In welke 2 landen / gebieden liggen 2 grote steden die allebei beginnen met Bel-?Noord-Ierland en Servië
80%
Welk land ligt ten noorden van Bulgarije?Roemenië
80%
Wat is de grootste Europese stad met de letter 'M'?Moskou
79%
Welke Italiaanse stad ligt het dichtst bij de toeristische attractie Pompeï?Napels
79%
Wat is de grootste stad die zowel in Europa ligt als in Azië?Istanboel
78%
Wat is het meest dichtbevolkte land van Europa?Monaco
76%
Wat is het grootste eiland in de Middellandse Zee?Sicilië
76%
In welke zee ligt de golf van Finland?Oostzee
75%
Welk eiland ligt ten noorden van Sardinië?Corsica
69%
Wat is de naam van de Zuidoostelijkste provincie van Duitsland?Beieren
68%
Wat is de hoogste berg van Griekenland?Olympus
68%
In welke zee mondt rivier de Wolga uit?Kaspische Zee
65%
Wat is de valuta van Polen?De Zloty
62%
Wat is de officiële taal in Andorra?Catalaans
61%
Op welk eiland ligt de stad Palma?Mallorca
58%
In Noorwegen ligt de Jostedalsbreen, wat is dit?Gletsjer
57%
Tussen welke 2 landen ligt de Golf van Biskaje?Frankrijk en Spanje
56%
Wat is de 2e stad van Noord-Ierland?Londonderry
53%
Welke hoofdstad ligt maar 55 kilometer van Bratislava vandaan?Wenen
53%
Welke vliegtuigmaatschappij is de nationale maatschappij van Ierland?Aer Lingus
43%
Hoeveel soevereine landen zijn er in Europa?45
42%

Scoreverdeling

Percentiel versus Aantal Correcte Antwoorden

Procent van Mensen met Elke Score

Uw Scoregeschiedenis

U heeft deze quiz nog niet genomen sinds de laatste reset